Kulliyat-e-Mustafa Zaidi / (Record no. 594339)

000 -LEADER
fixed length control field 00294nam a22001097a 4500
003 - CONTROL NUMBER IDENTIFIER
control field NUST
005 - DATE AND TIME OF LATEST TRANSACTION
control field 20230327123450.0
082 ## - DEWEY DECIMAL CLASSIFICATION NUMBER
Classification number 891.4391,ZAI
245 ## - TITLE STATEMENT
Title Kulliyat-e-Mustafa Zaidi /
Statement of responsibility, etc. Syed Nusrat Zaidi
260 ## - PUBLICATION, DISTRIBUTION, ETC.
Place of publication, distribution, etc. Lahore, Pakistan
Name of publisher, distributor, etc. Al-Hamd Publications
Date of publication, distribution, etc. 2017
942 ## - ADDED ENTRY ELEMENTS (KOHA)
Source of classification or shelving scheme
Koha item type Book
Call number prefix 891.4391,ZAI
Holdings
Withdrawn status Lost status Source of classification or shelving scheme Damaged status Not for loan Permanent Location Current Location Shelving location Date acquired Total Checkouts Full call number Barcode Date last seen Price effective from Koha item type Public note
          Military College of Signals (MCS) Military College of Signals (MCS) General Stacks 03/27/2023   891.4391,ZAI MCS26505 03/27/2023 03/27/2023 Book Almirha No 66, Shelf No 1
© 2023 Central Library, National University of Sciences and Technology. All Rights Reserved.